000 00592nam a22001937a 4500
005 20251108172856.0
008 250721s2002 xx 000 0 ara d
020 _a9957414348
082 1 4 _a370.15/فقه
100 1 _aالفقهاء، عصام نجيب
245 1 0 _aتجليات الإبداع بين هامش الحرية و جدلية الثقافة /
264 1 _aعمان :
_bدار البركة،
_c2002.
300 _a304 ص.
650 1 7 _aالإبداع
650 1 7 _aعلم النفس
650 1 7 _aعلم النفس التربوي
942 _2ddc
_cBK
999 _c90640
_d90640